000 00745nam a2200205Ia 4500
003 GCL
005 20240530095349.0
008 140319s9999 xx 000 0 ara d
020 _a6246227977
040 _aGCL /
_cGCL
082 0 4 _a962.152
_bق/ي م
100 1 _aيسرى احمد عزباوى
245 1 0 _aمحافظة الاسماعيلية /
_cيسرى احمد عزباوى
260 _aالقاهرة :
_bمركز الدراسات السياسية والاستراتيجية - الأهرام ،
_c2003
300 _a155 ص ؛
_c20 سم
490 _aسلسلة المحافظات المصرية
_v0
650 0 4 _aمصر - الاحوال الاقتصادية
650 0 4 _aالاسماعيلية، محافظة
942 _2ddc
_cBK
999 _c6498
_d6498